LEADER 01671nam a2200313 u 4500 001 000000010293 003 CaOOAMICUS 005 20070226105312.0 008 940711s1944 it u000 u ita u 035 $a10255430 040 $aPUL(R)$bita 100 1 $aCacciatore, Giuseppe,$cC.SS.R.$0(OLS)http://pul/name/10149 245 10$aS. Alfonso de' Liguori e il Giansenismo :$ble ultime fortune del moto giansenistico e la restituzione del pensiero cattolico nel secolo XVIII /$cGiuseppe Cacciatore. 260 $aFirenze :$bLibreria editrice fiorentina,$c1944. 300 $a622 p. ;$c25 cm 500 $aContiene indice. 504 $aBibliografia in nota. 600 04$aAlfonsus Maria de Ligorio,$cs.,$d1696-1787.$0(OLS)http://pul/subject/2013 650 4$aGiansenismo.$0(OLS)http://pul/subject/2126 850 $aPUL 852 $aPUL$W1$xDP1 Fondo Maccarrone$y58$m1504 C 26$j14660$nBK-PRI$b $qFondi$B14660$CPULBib$Z2$F14660 $H $81 852 $aPUL$W1$xDP1 Fondo Pastorale$y55$mP19 E 60$j14662$nBK-PRI$b $qFondi$B14662$CPULBib$Z2$F14662 $H $81 941 1 $a1 960 $aAlphonsus Maria de Ligorio,$cs.,$d1696-1787$92013 960 $aDe Liguori, Alfonso Maria,$cs.,$d1696-1787? $92013 960 $aLiguori, Alfonso Maria de$cs.,$d1696-1787? $92013 961 $aINV: 01217 -- Fondo Mons. M. Maccarrone 996 $6245$aS. Alfonso de' Liguori e il Giansenismo :$ble ultime fortune del moto giansenistico e la restituzione del pensiero cattolico nel secolo XVIII$9(OLS)http://pul/title/15068 996 $6260$aFirenze :$bLibreria editrice fiorentina$9(OLS)http://pul/publisher/48392 LEADER 01375nam a2200301 u 4500 001 000000092199 003 CaOOAMICUS 005 20070226124919.0 008 060504s2005 it u000 u ita u 020 $a88-7870-069-X 035 $a11087590 040 $aPUL$bita 245 02$aL'identità nazionale :$bmiti e paradigmi storiografici ottocenteschi /$ca cura di Amedeo Quondam e Gino Rizzo. 260 $aRoma :$bBulzoni,$cc2005. 300 $axix, 288 p. ;$c24 cm 490 1 $aBiblioteca del Cinquecento ;$v122 504 $aInclude indice e riferimenti bibliografici. 650 4$aTradizioni popolari$zItalia.$0(OLS)http://pul/subject/29760 650 0$aNazionalismo$zItalia.$2//eng$0(OLS)http://pul/subject/29761 700 1 $aRizzo, Gino.$0(OLS)http://pul/name/59445 700 1 $aQuondam, Amedeo,$d1943-$0(OLS)http://pul/name/59444 830 0$aBiblioteca del Cinquecento ;$v122.$0(OLS)http://pul/title/41081 850 $aPUL 852 $aPUL$W1$xSL Cons. Gen., Altre Classi 3$y75$m945. 2 QUOAM 1$j115997$nBK-PRI$b $qDDC 21$B115997$CPULBib$Z2$F115997 $HPUL100867 $81 941 1 $a9 996 $6020$a88-7870-069-X$9(OLS)http://pul/number/121054 996 $6245$aL'identità nazionale :$bmiti e paradigmi storiografici ottocenteschi$9(OLS)http://pul/title/118996 996 $6260$aRoma :$bBulzoni$9(OLS)http://pul/publisher/48135